[Event "Warsaw YMCA Summer-A 93rd"]
[Site "Warsaw"]
[Date "2011.07.26"]
[Round "1"]
[White "Ponceleusz, Bronislaw"]
[Black "Potocki, Karol"]
[Result "0-1"]
[WhiteElo "1911"]
[BlackElo "1919"]
[PlyCount "36"]
[EventDate "2011.07.26"]
[EventType "tourn"]
[EventRounds "9"]
[EventCountry "POL"]
[SourceTitle "EXT 2019"]
[Source "ChessBase"]
[SourceDate "2018.10.10"]
[SourceVersion "1"]
[SourceVersionDate "2018.10.10"]
[SourceQuality "1"]

1. d4 Nf6 2. Nf3 g6 3. c4 Bg7 4. Nc3 d5 5. cxd5 Nxd5 6. e4 Nxc3 7. bxc3 c5 8. Rb1 0-0 9. Be2 cxd4 10. cxd4 Qa5+ 11. Qd2 Qc7 12. 0-0 b6 13. Ba3 Rd8 14. Rbc1 Qd7 15. Rfd1 Bb7 16. Qf4 Na6 17. Bxa6 Bxa6 18. Rc7 Qa4 0-1

[Event "Warsaw YMCA Winter-B 87th"]
[Site "Warsaw"]
[Date "2011.02.23"]
[Round "8"]
[White "Ponceleusz, Bronislaw"]
[Black "Milczarek, Robert"]
[Result "1-0"]
[WhiteElo "1928"]
[BlackElo "1882"]
[PlyCount "77"]
[EventDate "2011.01.05"]
[EventType "tourn"]
[EventRounds "13"]
[EventCountry "POL"]
[SourceTitle "EXT 2019"]
[Source "ChessBase"]
[SourceDate "2018.10.10"]
[SourceVersion "1"]
[SourceVersionDate "2018.10.10"]
[SourceQuality "1"]

1. d4 Nf6 2. Nf3 g6 3. c4 d5 4. cxd5 Nxd5 5. e4 Nb6 6. Be2 Bg7 7. h3 0-0 8. Nc3 c6 9. Be3 N6d7 10. Bg5 Nf6 11. Qd2 b6 12. 0-0 Ba6 13. Rad1 Bxe2 14. Qxe2 Qc7 15. Qe3 Re8 16. Rfe1 Nbd7 17. e5 Nd5 18. Nxd5 cxd5 19. e6 Nf8 20. exf7+ Kxf7 21. Bf4 Qb7 22. Ng5+ Kg8 23. Ne6 Nxe6 24. Qxe6+ Kh8 25. Be5 Rad8 26. Qf7 Bxe5 27. Rxe5 Qc6 28. Rde1 Rf8 29. Qxe7 Qc2 30. R5e2 Qd3 31. Qe5+ Kg8 32. Re3 Qd2 33. R1e2 Qc1+ 34. Kh2 Qf1 35. Qe6+ Kh8 36. Qe5+ Kg8 37. Qg3 Rc8 38. Re7 Rc1 39. Qe5 1-0

[Event "Warsaw YMCA Winter-B 87th"]
[Site "Warsaw"]
[Date "2011.02.03"]
[Round "5"]
[White "Ponceleusz, Bronislaw"]
[Black "Grochowski, Mariusz"]
[Result "1/2-1/2"]
[WhiteElo "1928"]
[BlackElo "1919"]
[PlyCount "48"]
[EventDate "2011.01.05"]
[EventType "tourn"]
[EventRounds "13"]
[EventCountry "POL"]
[SourceTitle "EXT 2019"]
[Source "ChessBase"]
[SourceDate "2018.10.10"]
[SourceVersion "1"]
[SourceVersionDate "2018.10.10"]
[SourceQuality "1"]

1. d4 d5 2. Nf3 c6 3. e3 Bg4 4. c4 e6 5. Nc3 Nf6 6. a3 Be7 7. h3 Bh5 8. Be2 0-0 9. 0-0 Nbd7 10. cxd5 cxd5 11. Bd3 a6 12. Bd2 Rc8 13. Rc1 b5 14. g4 Bg6 15. Bxg6 hxg6 16. Na2 Ne4 17. Bb4 Bd6 18. Bxd6 Nxd6 19. Nb4 Qb6 20. Nd3 Rxc1 21. Qxc1 Rc8 22. Qa1 Rc2 23. b4 Rc7 24. Nc5 Nc4 1/2-1/2

[Event "Warsaw YMCA Winter-B 87th"]
[Site "Warsaw"]
[Date "2011.01.12"]
[Round "2"]
[White "Gluszko, Monika"]
[Black "Ponceleusz, Bronislaw"]
[Result "1-0"]
[WhiteElo "1997"]
[BlackElo "1928"]
[PlyCount "67"]
[EventDate "2011.01.05"]
[EventType "tourn"]
[EventRounds "13"]
[EventCountry "POL"]
[SourceTitle "EXT 2019"]
[Source "ChessBase"]
[SourceDate "2018.10.10"]
[SourceVersion "1"]
[SourceVersionDate "2018.10.10"]
[SourceQuality "1"]

1. e4 d6 2. d4 e5 3. Nf3 exd4 4. Nxd4 Nf6 5. Nc3 d5 6. e5 Ne4 7. Bd3 Bb4 8. Bxe4 dxe4 9. 0-0 Bxc3 10. bxc3 0-0 11. Qe2 Qd5 12. Bf4 a6 13. Rfd1 Qc5 14. Qxe4 Qxc3 15. Rab1 Qc4 16. Qe3 c5 17. Nf3 Qxc2 18. Ng5 Nc6 19. Rbc1 Qxa2 20. Qxc5 Qa4 21. Bg3 Bf5 22. Rd6 h6 23. e6 fxe6 24. Nxe6 Bxe6 25. Rxe6 Qd4 26. Rxc6 Qxc5 27. R6xc5 b5 28. Be5 Rf7 29. Rc8+ Rxc8 30. Rxc8+ Kh7 31. Ra8 b4 32. Rxa6 Rb7 33. Kf1 b3 34. Bb2 1-0

[Event "Warsaw YMCA Spring-B 77th"]
[Site "Warsaw"]
[Date "2010.06.11"]
[Round "11"]
[White "Ponceleusz, Bronislaw"]
[Black "Kadzinski, Wieslaw"]
[Result "1/2-1/2"]
[WhiteElo "1939"]
[BlackElo "1987"]
[PlyCount "28"]
[EventDate "2010.04.08"]
[EventType "tourn"]
[EventRounds "11"]
[EventCountry "POL"]
[SourceTitle "EXT 2019"]
[Source "ChessBase"]
[SourceDate "2018.10.10"]
[SourceVersion "1"]
[SourceVersionDate "2018.10.10"]
[SourceQuality "1"]

1. d4 Nf6 2. c4 g6 3. Nc3 Bg7 4. e4 d6 5. Nf3 0-0 6. Be2 e5 7. dxe5 dxe5 8. Qxd8 Rxd8 9. Bg5 Re8 10. 0-0-0 h6 11. Be3 c6 12. Ne1 Be6 13. f3 Bf8 14. Nc2 Na6 1/2-1/2

[Event "Warsaw YMCA Spring-B 77th"]
[Site "Warsaw"]
[Date "2010.06.02"]
[Round "9"]
[White "Ponceleusz, Bronislaw"]
[Black "Rozowski, Marcin"]
[Result "1/2-1/2"]
[WhiteElo "1939"]
[BlackElo "1875"]
[PlyCount "81"]
[EventDate "2010.04.08"]
[EventType "tourn"]
[EventRounds "11"]
[EventCountry "POL"]
[SourceTitle "EXT 2019"]
[Source "ChessBase"]
[SourceDate "2018.10.10"]
[SourceVersion "1"]
[SourceVersionDate "2018.10.10"]
[SourceQuality "1"]

1. d4 d5 2. c4 e6 3. Nf3 Nf6 4. Nc3 Be7 5. Bf4 0-0 6. e3 Nbd7 7. cxd5 Nxd5 8. Nxd5 exd5 9. Bd3 Nf6 10. 0-0 c6 11. h3 Re8 12. Qc2 h6 13. Rfb1 a5 14. Qa4 Be6 15. Qb3 Bc8 16. Rc1 Bd6 17. Bxd6 Qxd6 18. Ne5 Nd7 19. Nxd7 Bxd7 20. Qb6 Rec8 21. Rc3 Qb4 22. Rb3 Qxb6 23. Rxb6 Ra7 24. Rc1 Kf8 25. f3 Be6 26. a3 Rd8 27. Kf2 Ke7 28. Rb3 Rd7 29. Rbc3 Rd8 30. h4 f6 31. Bg6 Bf7 32. Bf5 Be6 33. Bb1 Bf7 34. g4 Raa8 35. h5 Be8 36. Kg3 Bd7 37. Kf4 Be6 38. Rc5 Rd7 39. Bg6 Ra6 40. R1c2 Ra8 41. Bf5 1/2-1/2

[Event "Warsaw YMCA Spring-B 77th"]
[Site "Warsaw"]
[Date "2010.04.21"]
[Round "3"]
[White "Rzepecka, Dorota"]
[Black "Ponceleusz, Bronislaw"]
[Result "1-0"]
[WhiteElo "1914"]
[BlackElo "1939"]
[PlyCount "89"]
[EventDate "2010.04.08"]
[EventType "tourn"]
[EventRounds "11"]
[EventCountry "POL"]
[SourceTitle "EXT 2019"]
[Source "ChessBase"]
[SourceDate "2018.10.10"]
[SourceVersion "1"]
[SourceVersionDate "2018.10.10"]
[SourceQuality "1"]

1. e4 c6 2. d4 Na6 3. Nf3 g6 4. Be2 Bg7 5. 0-0 Nc7 6. c4 d6 7. Nc3 Nh6 8. h3 0-0 9. Bf4 f6 10. Qd2 Nf7 11. Rad1 e5 12. dxe5 dxe5 13. Qc2 Qe7 14. Be3 Ne6 15. a3 Bh6 16. b4 Bxe3 17. fxe3 Neg5 18. Nxg5 Nxg5 19. c5 Be6 20. Rd6 Nf7 21. Rd2 Rad8 22. Bd3 Nh6 23. Rdf2 f5 24. Ne2 fxe4 25. Bxe4 Qg5 26. Rf3 Rxf3 27. Rxf3 Nf5 28. Qc3 Nh4 29. Rg3 Qf6 30. Qe1 Kh8 31. Nc3 Rd7 32. b5 cxb5 33. Nxb5 Bf5 34. Bxf5 Nxf5 35. Rf3 e4 36. Rf4 Qe5 37. g4 Qxc5 38. gxf5 Qxb5 39. Qc3+ Kg8 40. fxg6 Rd1+ 41. Kg2 hxg6 42. Qc8+ Kh7 43. Rf7+ Kh6 44. Qh8+ Kg5 45. h4+ 1-0

[Event "Warsaw YMCA Summer-B 64th"]
[Site "Warsaw"]
[Date "2009.08.26"]
[Round "8"]
[White "Szewczak, Andrzej"]
[Black "Ponceleusz, Bronislaw"]
[Result "1-0"]
[WhiteElo "1939"]
[BlackElo "1945"]
[PlyCount "133"]
[EventDate "2009.07.08"]
[EventType "tourn"]
[EventRounds "9"]
[EventCountry "POL"]
[SourceTitle "EXT 2011"]
[Source "ChessBase"]
[SourceDate "2010.11.26"]
[SourceVersion "1"]
[SourceVersionDate "2010.11.26"]
[SourceQuality "1"]

1. e4 c5 2. c3 d5 3. d3 dxe4 4. dxe4 Qxd1+ 5. Kxd1 Nf6 6. f3 b6 7. a4 Nc6 8. Na3 g6 9. Nb5 Kd8 10. Bf4 a6 11. Na3 Nh5 12. Be3 Be6 13. Bc4 Bxc4 14. Nxc4 Kc7 15. Kc2 e5 16. Nh3 f6 17. Rhd1 Be7 18. Rd5 Rad8 19. Rad1 g5 20. g3 Ng7 21. f4 b5 22. axb5 axb5 23. Na3 Rxd5 24. exd5 gxf4 25. gxf4 Nf5 26. Bc1 Na7 27. b3 Rg8 28. fxe5 Rg2+ 29. Rd2 Ne3+ 30. Kb1 Rxd2 31. d6+ Rxd6 32. exd6+ Bxd6 33. Bxe3 b4 34. cxb4 cxb4 35. Nc4 Nb5 36. Nf4 Nc3+ 37. Kc2 Be7 38. Kd3 Kc6 39. Bd2 Nb5 40. Na5+ Kd7 41. h3 Bd6 42. Nd5 Be5 43. Bxb4 Ke6 44. Ne3 f5 45. Bd2 Nd4 46. b4 Nf3 47. Nac4 Bg3 48. Ng2 Ng1 49. Bf4 Bf2 50. h4 Nh3 51. Be3 Bg3 52. Nd2 Kd5 53. Nf3 Bd6 54. b5 Bc5 55. Nf4+ Nxf4+ 56. Bxf4 Bf2 57. h5 Bc5 58. Ng5 Be7 59. Nxh7 Kc5 60. Be5 Kxb5 61. Ke3 Ba3 62. Kf4 Bc1+ 63. Kxf5 Kc6 64. Kg6 Kd5 65. Bc3 Ke6 66. Bf6 Be3 67. Ng5+ 1-0

[Event "Warsaw YMCA Summer-B 64th"]
[Site "Warsaw"]
[Date "2009.08.12"]
[Round "6"]
[White "Ponceleusz, Bronislaw"]
[Black "Bielecki, Pawel"]
[Result "1-0"]
[WhiteElo "1945"]
[BlackElo "1986"]
[PlyCount "111"]
[EventDate "2009.07.08"]
[EventType "tourn"]
[EventRounds "9"]
[EventCountry "POL"]
[SourceTitle "EXT 2011"]
[Source "ChessBase"]
[SourceDate "2010.11.26"]
[SourceVersion "1"]
[SourceVersionDate "2010.11.26"]
[SourceQuality "1"]

1. d4 d5 2. Nf3 Nf6 3. c4 c6 4. Qc2 dxc4 5. Qxc4 b5 6. Qc2 Bb7 7. e3 Nbd7 8. Bd2 e6 9. Be2 a6 10. b4 Bd6 11. 0-0 Nd5 12. a3 Bc7 13. Nc3 Nxc3 14. Bxc3 0-0 15. Rfc1 Rc8 16. Bd3 h6 17. Bh7+ Kh8 18. Be4 Nf6 19. Bd3 Nd5 20. Bd2 Qf6 21. e4 Nb6 22. e5 Qe7 23. Qd1 Na4 24. Rc2 Rcd8 25. Qe2 c5 26. dxc5 Bxf3 27. Qxf3 Qh4 28. Re1 Qd4 29. Bf1 f6 30. Be3 Qxe5 31. g3 Qd5 32. Qxd5 Rxd5 33. Bg2 Rd3 34. Bc1 Be5 35. Bb7 a5 36. bxa5 Bc3 37. Rxe6 Nxc5 38. Re7 Nb3 39. a6 Rd1+ 40. Kg2 Bd4 41. Be3 Bxe3 42. Rxe3 Na5 43. Rc7 Rdd8 44. Ree7 Rg8 45. Bf3 Nc4 46. a4 Nd6 47. axb5 Nxb5 48. Rcd7 Rc8 49. Bd5 Nc3 50. Bxg8 Rxg8 51. a7 Nb5 52. Rxg7 Ra8 53. Rh7+ Kg8 54. Rdg7+ Kf8 55. Rb7 Kg8 56. Rhd7 1-0

[Event "Warsaw YMCA Summer-B 64th"]
[Site "Warsaw"]
[Date "2009.08.05"]
[Round "5"]
[White "Liberadzki, Slawomir"]
[Black "Ponceleusz, Bronislaw"]
[Result "0-1"]
[WhiteElo "1961"]
[BlackElo "1945"]
[PlyCount "158"]
[EventDate "2009.07.08"]
[EventType "tourn"]
[EventRounds "9"]
[EventCountry "POL"]
[SourceTitle "EXT 2011"]
[Source "ChessBase"]
[SourceDate "2010.11.26"]
[SourceVersion "1"]
[SourceVersionDate "2010.11.26"]
[SourceQuality "1"]

1. e4 d6 2. d4 Nf6 3. Bd3 e5 4. d5 Be7 5. Ne2 0-0 6. 0-0 Nbd7 7. Nbc3 c6 8. h3 cxd5 9. Nxd5 Nxd5 10. exd5 Bg5 11. f4 exf4 12. Nxf4 Ne5 13. Qh5 Nxd3 14. Nxd3 Bf6 15. Bf4 g6 16. Qf3 Bd4+ 17. Kh1 Bf5 18. Bh6 Re8 19. Rae1 Qd7 20. Qf4 Bh8 21. Qg3 Bxd3 22. Qxd3 Rxe1 23. Rxe1 Re8 24. Rxe8+ Qxe8 25. Qe3 Qxe3 26. Bxe3 Bxb2 27. Bxa7 Kg7 28. c4 Kf6 29. c5 dxc5 30. Bxc5 Ke5 31. d6 Ke6 32. Kg1 Be5 33. d7 Kxd7 34. Kf2 Kc6 35. Be7 Kd5 36. Ke3 f5 37. Kd3 Bf4 38. Bf8 Bg3 39. Bh6 Bh4 40. Bg7 h5 41. Bf8 Bf6 42. Bb4 g5 43. Ba5 g4 44. hxg4 fxg4 45. Bc7 Bg5 46. g3 h4 47. gxh4 Bxh4 48. Ke3 Bg5+ 49. Kf2 Ke4 50. Kg3 Kf5 51. Bd6 Bd2 52. Kf2 Bf4 53. Bf8 Ke4 54. Bg7 b5 55. Bf6 Kd3 56. Bg7 Kc2 57. Bf8 Kb2 58. a3 Kb3 59. Be7 Ka2 60. Bf8 Kb3 61. Be7 Kc4 62. Bf8 Kd5 63. Bg7 Bd6 64. Kg2 Kc4 65. Bh6 Kb3 66. Bc1 Kc2 67. a4 bxa4 68. Be3 a3 69. Bd4 a2 70. Bf6 Kb1 71. Bd4 a1Q 72. Bxa1 Kxa1 73. Kf2 Kb2 74. Kg2 Kc2 75. Kf2 Kd2 76. Kg2 Ke2 77. Kg1 Kf3 78. Kh1 g3 79. Kg1 Bc5+ 0-1

[Event "Warsaw YMCA Summer-B 64th"]
[Site "Warsaw"]
[Date "2009.07.28"]
[Round "1"]
[White "Szukalski, Antoni"]
[Black "Ponceleusz, Bronislaw"]
[Result "1/2-1/2"]
[WhiteElo "1914"]
[BlackElo "1945"]
[PlyCount "61"]
[EventDate "2009.07.08"]
[EventType "tourn"]
[EventRounds "9"]
[EventCountry "POL"]
[SourceTitle "EXT 2011"]
[Source "ChessBase"]
[SourceDate "2010.11.26"]
[SourceVersion "1"]
[SourceVersionDate "2010.11.26"]
[SourceQuality "1"]

1. e4 c5 2. Nf3 Nc6 3. d4 cxd4 4. Nxd4 Nf6 5. Nc3 d6 6. Be2 e5 7. Nb3 Be7 8. Be3 Be6 9. 0-0 0-0 10. Kh1 a5 11. Nd2 d5 12. exd5 Nxd5 13. Nxd5 Bxd5 14. Nc4 Bxc4 15. Bxc4 Qc7 16. Qe2 Rad8 17. Rfd1 Nd4 18. Bxd4 exd4 19. Bd3 Rfe8 20. Qg4 Qc5 21. Re1 Bf6 22. Re4 g6 23. Rae1 Rxe4 24. Qxe4 b5 25. g3 b4 26. b3 Qd5 27. Kg1 Qxe4 28. Rxe4 Kf8 29. Kf1 Re8 30. Ke1 Rxe4+ 31. Bxe4 1/2-1/2

[Event "Warsaw YMCA Summer-B 64th"]
[Site "Warsaw"]
[Date "2009.07.22"]
[Round "3"]
[White "Wojtyra, Dariusz"]
[Black "Ponceleusz, Bronislaw"]
[Result "0-1"]
[WhiteElo "1939"]
[BlackElo "1945"]
[PlyCount "34"]
[EventDate "2009.07.08"]
[EventType "tourn"]
[EventRounds "9"]
[EventCountry "POL"]
[SourceTitle "EXT 2011"]
[Source "ChessBase"]
[SourceDate "2010.11.26"]
[SourceVersion "1"]
[SourceVersionDate "2010.11.26"]
[SourceQuality "1"]

1. e4 c5 2. Nf3 g6 3. c3 Bg7 4. d4 cxd4 5. cxd4 d5 6. exd5 Nf6 7. Bb5+ Nbd7 8. Qb3 0-0 9. Bxd7 Qxd7 10. Nc3 Rd8 11. Ne5 Qd6 12. Bg5 Nxd5 13. 0-0-0 Be6 14. Nc4 Qc7 15. Rhe1 Nxc3 16. Rxe6 fxe6 17. bxc3 Rac8 0-1

[Event "Warsaw YMCA Summer-B 64th"]
[Site "Warsaw"]
[Date "2009.07.15"]
[Round "2"]
[White "Ponceleusz, Bronislaw"]
[Black "Pekacki, Stanislaw"]
[Result "0-1"]
[WhiteElo "1945"]
[BlackElo "1910"]
[PlyCount "78"]
[EventDate "2009.07.08"]
[EventType "tourn"]
[EventRounds "9"]
[EventCountry "POL"]
[SourceTitle "EXT 2011"]
[Source "ChessBase"]
[SourceDate "2010.11.26"]
[SourceVersion "1"]
[SourceVersionDate "2010.11.26"]
[SourceQuality "1"]

1. d4 d5 2. c4 c6 3. Nf3 Nf6 4. Nc3 e6 5. e3 Nbd7 6. Bd3 dxc4 7. Bxc4 b5 8. Be2 a6 9. e4 c5 10. e5 cxd4 11. Qxd4 Ng8 12. 0-0 Qb6 13. Qg4 h5 14. Qg3 Ne7 15. Nh4 Bb7 16. Be3 Qc7 17. Bxb5 Nc6 18. Bxc6 Bxc6 19. f4 g6 20. Nf3 Rb8 21. Nd4 Bc5 22. Nxc6 Qxc6 23. Rab1 h4 24. Qf3 Bxe3+ 25. Qxe3 h3 26. gxh3 Rb4 27. a3 Rb3 28. Qf3 Qb6+ 29. Qf2 Qb7 30. Qg2 Qb6+ 31. Kh1 0-0 32. f5 exf5 33. Nd5 Qe6 34. Nc7 Qxe5 35. Nxa6 Nf6 36. Nb4 Ne4 37. Qc2 Rxh3 38. Rfe1 Kg7 39. Kg2 Rxh2+ 0-1

[Event "Milanowek op"]
[Site "Milanowek"]
[Date "2009.06.24"]
[Round "5"]
[White "Borowicz, Miroslaw"]
[Black "Ponceleusz, Bronislaw"]
[Result "0-1"]
[WhiteElo "1858"]
[BlackElo "1965"]
[PlyCount "32"]
[EventDate "2009.06.20"]
[EventType "swiss"]
[EventRounds "9"]
[EventCountry "POL"]
[SourceTitle "CBM 131 Extra"]
[Source "ChessBase"]
[SourceDate "2009.09.03"]
[SourceVersion "2"]
[SourceVersionDate "2009.09.16"]
[SourceQuality "1"]

1. d4 d6 2. c4 e5 3. dxe5 dxe5 4. Qxd8+ Kxd8 5. e4 Bc5 6. Bd2 a5 7. Nc3 c6 8. Nge2 a4 9. a3 Be6 10. Ng3 g6 11. f4 f6 12. fxe5 fxe5 13. Nd1 Bd4 14. Bd3 Nd7 15. Be3 Nc5 16. Ke2 Bg4+ 0-1

[Event "Milanowek op"]
[Site "Milanowek"]
[Date "2009.06.20"]
[Round "1"]
[White "Kowalewska, Agata"]
[Black "Ponceleusz, Bronislaw"]
[Result "1-0"]
[WhiteElo "1647"]
[BlackElo "1965"]
[PlyCount "43"]
[EventDate "2009.06.20"]
[EventType "swiss"]
[EventRounds "9"]
[EventCountry "POL"]
[SourceTitle "CBM 131 Extra"]
[Source "ChessBase"]
[SourceDate "2009.09.03"]
[SourceVersion "2"]
[SourceVersionDate "2009.09.16"]
[SourceQuality "1"]

1. e4 c5 2. Nf3 e6 3. d4 cxd4 4. Nxd4 Nc6 5. Nc3 a6 6. Be3 Qc7 7. Be2 b5 8. a3 Bb7 9. 0-0 Nf6 10. f4 d6 11. Bf3 Na5 12. Bf2 Be7 13. e5 dxe5 14. fxe5 Qxe5 15. b4 Nc6 16. Nxc6 Qxc3 17. Bd4 Qc4 18. Nxe7 Bxf3 19. Rxf3 Kxe7 20. Bc5+ Ke8 21. Qd6 Nd5 22. Qc6+ 1-0

[Event "Warsaw op 04"]
[Site "Warsaw"]
[Date "2009.06.11"]
[Round "10"]
[White "Ponceleusz, Bronislaw"]
[Black "Krzyzanowski, Antoni"]
[Result "1/2-1/2"]
[WhiteElo "1945"]
[BlackElo "1863"]
[PlyCount "62"]
[EventDate "2009.04.07"]
[EventType "swiss"]
[EventRounds "11"]
[EventCountry "POL"]
[SourceTitle "EXT 2012"]
[Source "ChessBase"]
[SourceDate "2011.11.24"]
[SourceVersion "1"]
[SourceVersionDate "2011.11.24"]
[SourceQuality "1"]

1. Nf3 c5 2. e4 Nc6 3. Bb5 e6 4. 0-0 Nge7 5. Re1 a6 6. Bf1 d6 7. c3 Ng6 8. d4 Be7 9. d5 Nce5 10. Nxe5 dxe5 11. c4 0-0 12. Nc3 Qc7 13. g3 Rd8 14. Qh5 Bd6 15. Bg5 f6 16. Be3 Ne7 17. Rad1 exd5 18. exd5 Nf5 19. Bd3 g6 20. Qf3 Nxe3 21. fxe3 f5 22. e4 Rf8 23. Rf1 f4 24. Qg2 Bg4 25. Be2 Bxe2 26. Qxe2 Rf7 27. Kg2 Raf8 28. Rd3 Rf6 29. Rdf3 g5 30. g4 Qd7 31. h3 Bb8 1/2-1/2

[Event "Warsaw op 05"]
[Site "Warsaw"]
[Date "2009.06.06"]
[Round "6"]
[White "Ponceleusz, Bronislaw"]
[Black "Nowicki, Bartosz"]
[Result "0-1"]
[WhiteElo "1945"]
[BlackElo "1944"]
[PlyCount "64"]
[EventDate "2009.05.30"]
[EventType "swiss"]
[EventRounds "9"]
[EventCountry "POL"]
[SourceTitle "EXT 2012"]
[Source "ChessBase"]
[SourceDate "2011.11.24"]
[SourceVersion "1"]
[SourceVersionDate "2011.11.24"]
[SourceQuality "1"]

1. d4 f5 2. Nc3 d5 3. Bf4 Nf6 4. e3 e6 5. Bd3 c6 6. h3 Bd6 7. Nf3 0-0 8. Ne5 b6 9. g4 Ne4 10. gxf5 exf5 11. Qh5 Bd7 12. Rg1 Be8 13. Qf3 Kh8 14. Qg2 Qe7 15. Nxc6 Bxc6 16. Bxe4 Bxf4 17. Bxd5 Bxe3 18. fxe3 Qxe3+ 19. Kf1 Qf4+ 20. Ke1 Re8+ 21. Ne2 Qxd4 22. Kf1 Qf6 23. Rd1 Bxd5 24. Rxd5 Nc6 25. Rd6 Qe5 26. Rxc6 Rad8 27. Qf3 Rd2 28. Rg2 Qxb2 29. Qc3 Qb1+ 30. Kf2 Rexe2+ 31. Kg3 Qe1+ 32. Kf3 Qf1+ 0-1

[Event "Warsaw op 04"]
[Site "Warsaw"]
[Date "2009.06.05"]
[Round "9"]
[White "Ponceleusz, Bronislaw"]
[Black "Wojcik, Wieslaw"]
[Result "0-1"]
[WhiteElo "1945"]
[BlackElo "1970"]
[PlyCount "132"]
[EventDate "2009.04.07"]
[EventType "swiss"]
[EventRounds "11"]
[EventCountry "POL"]
[SourceTitle "EXT 2012"]
[Source "ChessBase"]
[SourceDate "2011.11.24"]
[SourceVersion "1"]
[SourceVersionDate "2011.11.24"]
[SourceQuality "1"]

1. d4 Nf6 2. c4 g6 3. Nc3 Bg7 4. e4 d6 5. Be2 0-0 6. Nf3 Nbd7 7. 0-0 e5 8. Re1 Re8 9. d5 h6 10. Bf1 Nh5 11. g3 Nf8 12. Nh4 Bd7 13. Nf5 Bxf5 14. exf5 Nf6 15. fxg6 Nxg6 16. Bd3 Qd7 17. Bd2 a6 18. Rb1 Qh3 19. Bf1 Qf5 20. Bg2 h5 21. Ne4 h4 22. Qf3 Qxf3 23. Bxf3 Nh7 24. Bh5 hxg3 25. hxg3 Ne7 26. g4 Rf8 27. g5 f5 28. gxf6 Nxf6 29. Nxf6+ Rxf6 30. Bg5 Rf5 31. Bxe7 Rxh5 32. c5 Kf7 33. cxd6 cxd6 34. Bxd6 Rd8 35. Bb4 Rxd5 36. Bc3 Bh6 37. Rbd1 Ke6 38. Rxd5 Kxd5 39. f3 Bf4 40. Rd1+ Kc4 41. Bd2 b5 42. Bxf4 exf4 43. Rd6 a5 44. Rf6 Rh4 45. Rf5 a4 46. b3+ Kb4 47. Kg2 a3 48. Kg1 Kc3 49. Re5 Rh3 50. Kg2 Rg3+ 51. Kf2 Rh3 52. Kg2 Rh6 53. Rd5 b4 54. Rd8 Rc6 55. Rf8 Kb2 56. Rxf4 Kxa2 57. Rxb4 Rc3 58. Ra4 Rxb3 59. Kg3 Kb2 60. Kg4 a2 61. Rxa2+ Kxa2 62. f4 Ka3 63. f5 Kb4 64. f6 Kc5 65. f7 Rb8 66. Kf5 Kd6 0-1

[Event "Warsaw op 05"]
[Site "Warsaw"]
[Date "2009.05.31"]
[Round "5"]
[White "Kozakow, Mikolaj"]
[Black "Ponceleusz, Bronislaw"]
[Result "1/2-1/2"]
[WhiteElo "1504"]
[BlackElo "1945"]
[PlyCount "47"]
[EventDate "2009.05.30"]
[EventType "swiss"]
[EventRounds "9"]
[EventCountry "POL"]
[SourceTitle "EXT 2012"]
[Source "ChessBase"]
[SourceDate "2011.11.24"]
[SourceVersion "1"]
[SourceVersionDate "2011.11.24"]
[SourceQuality "1"]

1. e4 c5 2. Nc3 Nc6 3. f4 e6 4. Nf3 d5 5. d3 dxe4 6. dxe4 Qxd1+ 7. Kxd1 Nf6 8. h3 a6 9. Be3 b5 10. g4 Bb7 11. Nd2 Be7 12. Bg2 Nd4 13. Rg1 0-0-0 14. a4 b4 15. Ne2 b3 16. Bxd4 bxc2+ 17. Kxc2 cxd4 18. Nc1 Bb4 19. e5 Nd5 20. Bxd5 Rxd5 21. Nd3 Ba5 22. Nc4 Bc7 23. Rac1 Kb8 24. b3 1/2-1/2

[Event "Warsaw op 05"]
[Site "Warsaw"]
[Date "2009.05.31"]
[Round "3"]
[White "Ogonowski, Jakub"]
[Black "Ponceleusz, Bronislaw"]
[Result "0-1"]
[WhiteElo "1556"]
[BlackElo "1945"]
[PlyCount "106"]
[EventDate "2009.05.30"]
[EventType "swiss"]
[EventRounds "9"]
[EventCountry "POL"]
[SourceTitle "EXT 2012"]
[Source "ChessBase"]
[SourceDate "2011.11.24"]
[SourceVersion "1"]
[SourceVersionDate "2011.11.24"]
[SourceQuality "1"]

1. e4 d5 2. exd5 Qxd5 3. Nc3 Qd6 4. d4 Nf6 5. Bb5+ c6 6. Be2 Bf5 7. Nf3 Nbd7 8. 0-0 e6 9. h3 Qc7 10. Bd3 Bg6 11. Bxg6 hxg6 12. Re1 Bd6 13. Ng5 Nf8 14. Nge4 Bh2+ 15. Kh1 Bf4 16. Nxf6+ gxf6 17. Qf3 Bxc1 18. Raxc1 f5 19. d5 0-0-0 20. dxc6 Qxc6 21. Qxc6+ bxc6 22. Rcd1 Nh7 23. Kg1 Nf6 24. Kf1 Nd5 25. Nxd5 cxd5 26. Rd4 Rd7 27. Re2 Rhd8 28. b3 Rc7 29. f4 Rc3 30. Rd3 Rc6 31. Red2 Rf8 32. h4 Kb8 33. Ke1 Rfc8 34. Kd1 Ra6 35. a4 Rac6 36. g3 Rc3 37. Kc1 Kb7 38. Kb2 Rxd3 39. Rxd3 Rc5 40. c3 Kc7 41. b4 Rc4 42. Rd4 Rc6 43. Kb3 f6 44. Rd2 Kd6 45. Rc2 e5 46. fxe5+ fxe5 47. c4 d4 48. Rd2 Rc8 49. Rf2 e4 50. g4 e3 51. Re2 f4 52. Kc2 f3 53. Re1 f2 0-1

[Event "Warsaw op 05"]
[Site "Warsaw"]
[Date "2009.05.31"]
[Round "4"]
[White "Ponceleusz, Bronislaw"]
[Black "Kowalewska, Agata"]
[Result "1-0"]
[WhiteElo "1945"]
[BlackElo "1636"]
[PlyCount "115"]
[EventDate "2009.05.30"]
[EventType "swiss"]
[EventRounds "9"]
[EventCountry "POL"]
[SourceTitle "EXT 2012"]
[Source "ChessBase"]
[SourceDate "2011.11.24"]
[SourceVersion "1"]
[SourceVersionDate "2011.11.24"]
[SourceQuality "1"]

1. Nf3 b6 2. d4 g6 3. c4 Bb7 4. Nc3 Bg7 5. e4 e6 6. Be2 d6 7. 0-0 Ne7 8. Bg5 h6 9. Be3 0-0 10. Qd2 Kh7 11. Rac1 Nd7 12. Ne1 f5 13. Bf3 Rb8 14. b4 e5 15. Qd3 f4 16. Bd2 exd4 17. Nd5 Bxd5 18. cxd5 Ne5 19. Qa6 Rf7 20. g3 fxg3 21. fxg3 b5 22. Qa3 Nc4 23. Qd3 c6 24. Ng2 Ne5 25. Qe2 cxd5 26. exd5 d3 27. Qe4 Qb6+ 28. Be3 Qa6 29. Nf4 Qxa2 30. Nxd3 Nxf3+ 31. Rxf3 Rxf3 32. Qxf3 Nxd5 33. Nf4 Nxe3 34. Qxe3 Qb2 35. Rc7 Qxb4 36. Qd3 Qe1+ 37. Kg2 Qe8 38. Nh5 Qe5 39. Rxg7+ Qxg7 40. Nxg7 Kxg7 41. Qxd6 Rb7 42. Qa6 Rf7 43. Qxb5 Kh7 44. Qa6 Kg7 45. Kh3 Kh7 46. Kg4 Kg7 47. h4 h5+ 48. Kh3 Kh7 49. g4 Rf3+ 50. Kg2 hxg4 51. Qxa7+ Kh6 52. Qd7 Rf4 53. Kg3 Re4 54. Qd5 Re8 55. Kxg4 Rf8 56. Qg5+ Kg7 57. h5 Rf6 58. h6+ 1-0

[Event "Warsaw op 04"]
[Site "Warsaw"]
[Date "2009.05.28"]
[Round "11"]
[White "Sielicki, Tomasz"]
[Black "Ponceleusz, Bronislaw"]
[Result "1/2-1/2"]
[WhiteElo "2047"]
[BlackElo "1945"]
[PlyCount "50"]
[EventDate "2009.04.07"]
[EventType "swiss"]
[EventRounds "11"]
[EventCountry "POL"]
[SourceTitle "EXT 2012"]
[Source "ChessBase"]
[SourceDate "2011.11.24"]
[SourceVersion "1"]
[SourceVersionDate "2011.11.24"]
[SourceQuality "1"]

1. d4 d6 2. e4 Nf6 3. Nc3 e5 4. Nf3 Nbd7 5. Bc4 Be7 6. 0-0 0-0 7. Re1 c6 8. Bb3 exd4 9. Qxd4 Nc5 10. h3 Be6 11. Be3 Qc7 12. Bxe6 Nxe6 13. Qc4 Rfd8 14. Rad1 b5 15. Qd3 d5 16. exd5 Nxd5 17. Nxd5 Rxd5 18. Qe4 Rad8 19. Rxd5 cxd5 20. Qd3 Qc4 21. Ne5 Qxd3 22. Nxd3 Bf6 23. c3 d4 24. cxd4 Bxd4 25. Kf1 a6 1/2-1/2